[Event "XIX Festival A"]
[Site "Asti ITA"]
[Date "1998.12.12"]
[Round "8"]
[White "Dubois, Martine"]
[Black "Venturino, Marco"]
[Result "0-1"]
[WhiteElo "2045"]
[BlackElo "2146"]
[PlyCount "102"]
[EventDate "1998.12.05"]

1.e4 c5 2.c3 e5 3.Nf3 Nc6 4.Bc4 Qc7 5.O-O Nf6 6.d3 Be7 7.Ng5 O-O 8.f4 h6 
9.Nh3 d5 10.exd5 Bxh3 11.gxh3 b5 12.Bxb5 Nxd5 13.Bxc6 Qxc6 14.fxe5 Rad8 
15.Rf3 Qe6 16.d4 cxd4 17.cxd4 Nb4 18.Nc3 Nc6 19.d5 Qxe5 20.Bf4 Qh5 21.Rg3 
Qxd1+ 22.Rxd1 Bc5+ 23.Be3 Bxe3+ 24.Rxe3 Nb8 25.d6 Nd7 26.Nd5 Rfe8 27.Ra3 
Re2 28.Rxa7 Ne5 29.Ne7+ Kf8 30.b4 Rb2 31.Ra3 Rxb4 32.Re3 f6 33.Rxe5 fxe5 
34.Nc6 Rbb8 35.Nxb8 Rxb8 36.Kf2 Ke8 37.Ke3 Rb4 38.d7+ Kd8 39.Rd5 Rh4 40.
Kf3 Rxh3+ 41.Ke4 Rxh2 42.Kf5 Rxa2 43.Kg6 Rg2+ 44.Kf7 e4 45.Re5 Rg4 46.Re6 
h5 47.Rd6 h4 48.Rd1 e3 49.Ke6 e2 50.Ra1 Re4+ 51.Kd6 Rd4+ 0-1

[Event "XIX Festival A"]
[Site "Asti ITA"]
[Date "1998.12.12"]
[Round "8"]
[White "Flear, Glenn Curtis"]
[Black "Arlandi, Ennio"]
[Result "0-1"]
[WhiteElo "2450"]
[BlackElo "2440"]
[PlyCount "76"]
[EventDate "1998.12.05"]

1.d4 d5 2.c4 e6 3.Nf3 Nf6 4.g3 Be7 5.Bg2 O-O 6.O-O dxc4 7.Qc2 a6 8.Qxc4 b5
9.Qc2 Bb7 10.Bf4 Nc6 11.Rd1 Nb4 12.Qc1 Nbd5 13.Nbd2 Nxf4 14.gxf4 Bd6 15.
Nb3 Qe7 16.Na5 Bd5 17.Ne5 Bxg2 18.Kxg2 Nd5 19.Rd3 Qh4 20.Rf3 Bxe5 21.dxe5 
c5 22.Qxc5 Nxf4+ 23.Kh1 Ng6 24.Nc6 Qe4 25.Rc1 Rac8 26.Kg1 Qxe2 27.Rfc3 Kh8
28.Qb4 h6 29.Re3 Qh5 30.Rc5 Nh4 31.h3 Qd1+ 32.Kh2 Nf3+ 33.Kg2 Nd2 34.Qf4 
Nc4 35.Re4 Qd7 36.Rexc4 bxc4 37.Qxc4 Rc7 38.Qxa6 Rfc8 0-1

[Event "XIX Festival A"]
[Site "Asti ITA"]
[Date "1998.12.12"]
[Round "8"]
[White "Malano, Francesco"]
[Black "Frank, Albert"]
[Result "1/2-1/2"]
[WhiteElo "2050"]
[BlackElo "2020"]
[PlyCount "108"]
[EventDate "1998.12.05"]

1.Nf3 c5 2.g3 Nc6 3.Bg2 g6 4.O-O Bg7 5.e4 e6 6.Re1 d6 7.c3 Nge7 8.d3 O-O 
9.Bg5 h6 10.Be3 b6 11.Qd2 Kh7 12.d4 e5 13.Na3 Bg4 14.d5 Bxf3 15.Bxf3 Nb8 
16.Bg2 Nd7 17.Nb5 Nf6 18.h3 a6 19.Na3 b5 20.Nc2 Nd7 21.a4 Nb6 22.b3 bxa4 
23.bxa4 Nc4 24.Qe2 Nxe3 25.Nxe3 f5 26.Nc4 Rb8 27.Rab1 Qc7 28.Qd3 Rxb1 29.
Rxb1 Rb8 30.Qc2 f4 31.g4 Bf6 32.Rxb8 Qxb8 33.Qb2 Qxb2 34.Nxb2 Nc8 35.Bf1 
a5 36.Ba6 Nb6 37.Kg2 Kg7 38.Kf3 Kf7 39.Bb7 Ke7 40.Bc6 Kd8 41.Ke2 Bh4 42.
Bb5 Bf6 43.Nd3 Kc8 44.Kd2 Bd8 45.Nc1 Kb8 46.Kc2 g5 47.Nb3 Nc8 48.Kd3 Ka7 
49.Bd7 c4+ 50.Kd2 cxb3 51.Bxc8 Bb6 52.Bd7 Bxf2 53.Kc1 Be1 54.Kb2 Kb6 
1/2-1/2

[Event "XIX Festival A"]
[Site "Asti ITA"]
[Date "1998.12.12"]
[Round "8"]
[White "Naumkin, Igor"]
[Black "Cugini, Verter"]
[Result "1-0"]
[WhiteElo "2475"]
[BlackElo "2190"]
[PlyCount "47"]
[EventDate "1998.12.05"]

1.d4 d6 2.c4 e5 3.Nc3 c6 4.Nf3 Qc7 5.e4 g6 6.Be2 Bg7 7.O-O Ne7 8.Be3 O-O 
9.dxe5 dxe5 10.Nd2 Na6 11.a3 f5 12.f3 Be6 13.b4 f4 14.Bf2 Rfd8 15.Qc2 Bf8 
16.c5 b5 17.cxb6 axb6 18.Bc4 Bxc4 19.Nxc4 Nc8 20.Rad1 Rxd1 21.Rxd1 Qb7 22.
Nxe5 Nd6 23.Qb3+ Kg7 24.Ng4 1-0

[Event "XIX Festival A"]
[Site "Asti ITA"]
[Date "1998.12.12"]
[Round "8"]
[White "Pepino, Enrico"]
[Black "Cavatorta, Fosco"]
[Result "1-0"]
[WhiteElo "1903"]
[BlackElo "1923"]
[PlyCount "47"]
[EventDate "1998.12.05"]

1.e4 Nc6 2.d4 e5 3.Nf3 exd4 4.Nxd4 Nf6 5.Nc3 Bb4 6.Bb5 O-O 7.O-O Re8 8.Bg5
a6 9.Bxc6 bxc6 10.e5 Rxe5 11.Nxc6 Qe8 12.Nxe5 Qxe5 13.Bxf6 Qxf6 14.Nd5 Qd6
15.Nxb4 Qxb4 16.Re1 Kf8 17.c3 Qxb2 18.Qh5 h6 19.Qc5+ d6 20.Qxc7 Be6 21.
Qxd6+ Kg8 22.c4 Rc8 23.c5 Qb4 24.Rxe6 1-0

[Event "XIX Festival A"]
[Site "Asti ITA"]
[Date "1998.12.12"]
[Round "8"]
[White "Ranieri, Fabrizio"]
[Black "Quagliana, Giuseppe"]
[Result "1-0"]
[WhiteElo "2165"]
[BlackElo "1890"]
[PlyCount "41"]
[EventDate "1998.12.05"]

1.e4 e6 2.d4 d5 3.Nc3 Bb4 4.e5 c5 5.a3 Bxc3+ 6.bxc3 Qa5 7.Bd2 cxd4 8.cxd4 
Qa4 9.Qg4 Nc6 10.Nf3 Nge7 11.Bd3 Ng6 12.O-O O-O 13.Rfe1 f5 14.exf6 Rxf6 
15.Bg5 e5 16.Qh5 e4 17.Bxf6 exd3 18.Ng5 Nce5 19.Qxh7+ Kf8 20.Qxg7+ Ke8 21.
Rxe5+ 1-0

[Event "XIX Festival A"]
[Site "Asti ITA"]
[Date "1998.12.12"]
[Round "8"]
[White "Zak, Uriel"]
[Black "Cebalo, Miso"]
[Result "1/2-1/2"]
[WhiteElo "2355"]
[BlackElo "2535"]
[PlyCount "88"]
[EventDate "1998.12.05"]

1.Nf3 g6 2.d4 Nf6 3.g3 Bg7 4.Bg2 O-O 5.O-O d6 6.c3 c6 7.Nbd2 Qc7 8.e4 Bg4 
9.Re1 e5 10.Nc4 Bxf3 11.Bxf3 b5 12.Ne3 Nbd7 13.b3 Rfe8 14.Qc2 Re7 15.Ba3 
Rae8 16.Rad1 a5 17.dxe5 Nxe5 18.Bg2 c5 19.Qd2 Re6 20.Qe2 b4 21.Bb2 bxc3 
22.Bxc3 Nc6 23.f3 Nd4 24.Qd3 a4 25.bxa4 Nd7 26.Nd5 Qa7 27.Nf4 R6e7 28.Nd5 
Re6 29.Kh1 Nb6 30.Nxb6 Qxb6 31.a5 Qb5 32.Qb1 Qa4 33.Bxd4 Bxd4 34.a6 d5 35.
Qb3 Rxa6 36.Qxa4 Rxa4 37.exd5 Rd8 38.Re2 Rxd5 39.f4 Rd6 40.Rc2 h5 41.Bf1 
h4 42.Kg2 hxg3 43.hxg3 Ra3 44.Bc4 Kg7 1/2-1/2

[Event "XIX Festival A"]
[Site "Asti ITA"]
[Date "1998.12.13"]
[Round "9"]
[White "Castaldo, Folco"]
[Black "Pepino, Enrico"]
[Result "1-0"]
[WhiteElo "2180"]
[BlackElo "1903"]
[PlyCount "59"]
[EventDate "1998.12.05"]

1.e4 c5 2.c3 Nf6 3.e5 Nd5 4.d4 cxd4 5.Nf3 e6 6.cxd4 b6 7.Nc3 Nxc3 8.bxc3 
Qc7 9.Bd2 Bb7 10.Bd3 Be7 11.O-O O-O 12.Re1 d6 13.Ng5 h6 14.Nh7 Nd7 15.Nxf8
Rxf8 16.Qg4 dxe5 17.Bxh6 Bf6 18.Re3 e4 19.Bb5 g6 20.Bxd7 Qxd7 21.Bxf8 Kxf8
22.Rxe4 Qc6 23.Re3 Bh4 24.f3 g5 25.g3 f5 26.Qh5 f4 27.Qh6+ Ke7 28.Rxe6+ 
Qxe6 29.Qxe6+ Kxe6 30.Re1+ 1-0

[Event "XIX Festival A"]
[Site "Asti ITA"]
[Date "1998.12.13"]
[Round "9"]
[White "Cavatorta, Fosco"]
[Black "Dubois, Martine"]
[Result "1/2-1/2"]
[WhiteElo "1923"]
[BlackElo "2045"]
[PlyCount "52"]
[EventDate "1998.12.05"]

1.d4 d5 2.Nf3 Bf5 3.Bf4 e6 4.e3 c6 5.c3 Qb6 6.Qb3 Nd7 7.Ne5 Ngf6 8.Nd2 a5 
9.Be2 a4 10.Qxb6 Nxb6 11.O-O Be7 12.a3 Nfd7 13.c4 g5 14.Bg3 h5 15.cxd5 h4 
16.dxe6 Bxe6 17.Nxd7 Kxd7 18.Be5 f6 19.d5 Nxd5 20.Bd4 g4 21.Ne4 Rh6 22.
Rfd1 Kc7 23.Rac1 Ra5 24.Bc5 Bxc5 25.Rxc5 Rxc5 26.Nxc5 Bc8 1/2-1/2

[Event "XIX Festival A"]
[Site "Asti ITA"]
[Date "1998.12.13"]
[Round "9"]
[White "Cebalo, Miso"]
[Black "Barberi, Alessandro"]
[Result "1-0"]
[WhiteElo "2535"]
[BlackElo "2160"]
[PlyCount "65"]
[EventDate "1998.12.05"]

1.d4 g6 2.c4 Bg7 3.e4 d6 4.Nc3 e5 5.dxe5 dxe5 6.Qxd8+ Kxd8 7.f4 Be6 8.Nf3 
Nd7 9.Be2 Ne7 10.O-O c6 11.Be3 b6 12.Rad1 Ke8 13.Ng5 exf4 14.Bxf4 Nc5 15.
Bd6 h6 16.Nxe6 Nxe6 17.e5 Nf5 18.Bf3 Rc8 19.Rd2 Ne3 20.b3 Nxf1 21.Kxf1 Ng5
22.Bg4 Rd8 23.h4 h5 24.hxg5 hxg4 25.Ne4 Rd7 26.Kf2 Kd8 27.Kg3 Re8 28.Kf4 
f5 29.Nf6 Bxf6 30.gxf6 Re6 31.Kg5 Rxe5 32.Bxe5 Rxd2 33.Kxg6 1-0

[Event "XIX Festival A"]
[Site "Asti ITA"]
[Date "1998.12.13"]
[Round "9"]
[White "Cugini, Verter"]
[Black "Frank, Albert"]
[Result "1-0"]
[WhiteElo "2190"]
[BlackElo "2020"]
[PlyCount "119"]
[EventDate "1998.12.05"]

1.e4 c5 2.g3 Nc6 3.Bg2 g6 4.Ne2 Bg7 5.O-O e6 6.c3 Nge7 7.d4 cxd4 8.Nxd4 
Nxd4 9.cxd4 O-O 10.d5 exd5 11.exd5 Nf5 12.Nc3 d6 13.Ne4 Qb6 14.Rb1 Bd7 15.
a4 Rac8 16.Bg5 f6 17.Bf4 g5 18.Bd2 Qa6 19.b3 Nd4 20.Bb4 Ne2+ 21.Kh1 Bf5 
22.Nxd6 Bxb1 23.Nxc8 Rxc8 24.Qxb1 Nd4 25.Rc1 Re8 26.Bf1 b5 27.Qd3 f5 28.
Rc7 Be5 29.Rc5 Qf6 30.Bc3 bxa4 31.bxa4 g4 32.Bxd4 Bxd4 33.Rc6 Qe5 34.Rc1 
Qxd5+ 35.Bg2 Qe5 36.Qd2 Qg7 37.Kg1 Rd8 38.Qa5 Qf6 39.Qe1 Bb2 40.Rc6 Rd6 
41.Rc8+ Rd8 42.Rxd8+ Qxd8 43.Qe6+ Kg7 44.Bd5 Qf6 45.Qd7+ Kh6 46.Qxa7 f4 
47.Be4 Qg7 48.Qb6+ Qf6 49.Qc7 fxg3 50.Qxh7+ Kg5 51.hxg3 Qh6 52.Qb7 Qf6 53.
Qd5+ Qe5 54.Qg8+ Qg7 55.Qd8+ Qf6 56.Qd2+ Kh5 57.Qd5+ Kh6 58.Bf5 Bd4 59.Qe4
Bb6 60.Qf4+ 1-0

[Event "XIX Festival A"]
[Site "Asti ITA"]
[Date "1998.12.13"]
[Round "9"]
[White "Faraoni, Enrico"]
[Black "Malano, Francesco"]
[Result "1-0"]
[WhiteElo "2190"]
[BlackElo "2050"]
[PlyCount "43"]
[EventDate "1998.12.05"]

1.e4 c5 2.Nc3 Nc6 3.f4 g6 4.Bc4 e6 5.Nf3 Bg7 6.f5 Nge7 7.fxe6 fxe6 8.d3 
O-O 9.O-O d5 10.Bb3 b5 11.a4 b4 12.Ne2 Nd4 13.Nexd4 cxd4 14.Qe1 a5 15.Bg5 
Ra7 16.Qh4 dxe4 17.Qxe4 Qd6 18.Bxe7 Rxe7 19.Ng5 Rxf1+ 20.Rxf1 Qe5 21.Qa8 
Qe3+ 22.Kh1 1-0

[Event "XIX Festival A"]
[Site "Asti ITA"]
[Date "1998.12.13"]
[Round "9"]
[White "Quagliana, Giuseppe"]
[Black "Cantore, Alberto"]
[Result "1/2-1/2"]
[WhiteElo "1890"]
[BlackElo "2195"]
[PlyCount "154"]
[EventDate "1998.12.05"]

1.d4 d5 2.c4 e6 3.Nc3 Be7 4.Nf3 Nf6 5.Bg5 h6 6.Bh4 O-O 7.e3 b6 8.Be2 Bb7 
9.Bxf6 Bxf6 10.cxd5 exd5 11.b4 c5 12.bxc5 bxc5 13.Qb3 Qb6 14.Nxd5 Bxd5 15.
Qxd5 Qa5+ 16.Nd2 Na6 17.Qc4 Nc7 18.Rc1 Ne6 19.d5 Rfd8 20.O-O Qxd2 21.dxe6 
fxe6 22.Bg4 Kh8 23.Bxe6 Be7 24.Qe4 Rab8 25.Bb3 Bf8 26.Bc2 Kg8 27.Qh7+ Kf7 
28.Bb3+ Kf6 29.Qg8 Qd7 30.Rfd1 Qe7 31.g3 a5 32.Qc4 g5 33.Qc3+ Qe5 34.Qxa5 
Be7 35.Qa6+ Kg7 36.Qc4 Rf8 37.Rd7 Rb6 38.Qxc5 Qxc5 39.Rxc5 Kf6 40.Rcc7 Bb4
41.Rh7 Ke5 42.Rc4 Rff6 43.f4+ gxf4 44.exf4+ Kd6 45.Kg2 Bc5 46.Kf3 Rb8 47.
Ra4 Kc6 48.Ra6+ Bb6 49.a4 Kc5 50.a5 Bd8 51.Rxf6 Rxb3+ 52.Kg4 Bxf6 53.Rxh6 
Bd4 54.a6 Kd5 55.Kf5 Rb8 56.Rg6 Rf8+ 57.Kg4 Ke4 58.h4 Bf2 59.h5 Rh8 60.h6 
Rh7 61.Re6+ Kd5 62.f5 Rf7 63.Re2 Bc5 64.Kg5 Ra7 65.Ra2 Be3+ 66.Kg6 Bd4 67.
f6 Ke6 68.g4 Bxf6 69.Re2+ Be5 70.h7 Rxa6 71.Kh5 Ra8 72.g5 Kf5 73.Rxe5+ 
Kxe5 74.g6 Kf5 75.Kh6 Ra1 76.h8=Q Rh1+ 77.Kg7 Rxh8 1/2-1/2

[Event "XIX Festival A"]
[Site "Asti ITA"]
[Date "1998.12.13"]
[Round "9"]
[White "Ranieri, Fabrizio"]
[Black "Lazarev, Vladimir"]
[Result "0-1"]
[WhiteElo "2165"]
[BlackElo "2450"]
[PlyCount "140"]
[EventDate "1998.12.05"]

1.e4 c5 2.Nf3 Nc6 3.d4 cxd4 4.Nxd4 Qc7 5.Nc3 e6 6.Be3 a6 7.Bd3 Nf6 8.O-O 
Ne5 9.h3 Bc5 10.Qe2 d6 11.Nb3 Bxe3 12.Qxe3 b5 13.f4 Ned7 14.Qg3 O-O 15.a3 
Bb7 16.Rae1 e5 17.Qh4 h6 18.Kh1 Rfe8 19.fxe5 dxe5 20.Rf5 Re6 21.Ref1 Rae8 
22.Qg3 Qb6 23.Nd2 Qd6 24.Nb3 Kh8 25.Na5 Ba8 26.Nb3 Rc8 27.Qe3 Kg8 28.Rd1 
Qe7 29.Rdf1 Rd6 30.Qg3 Qd8 31.Qe3 Qc7 32.Qg3 Qb6 33.Qe1 Re8 34.Qg3 Re7 35.
Qe1 Nf8 36.Nd2 Ng6 37.g3 Bb7 38.Qf2 Bc8 39.Rxf6 Rxf6 40.Qxb6 Rxb6 41.Nd5 
Rd6 42.Nxe7+ Nxe7 43.Kg2 Be6 44.Nf3 f6 45.Rd1 Kf7 46.Rd2 Rc6 47.h4 h5 48.
Kf2 Nc8 49.Be2 Nd6 50.Ke3 Bc4 51.c3 Ke7 52.Ne1 g6 53.Nd3 a5 54.Nf2 Bxe2 
55.Kxe2 Ke6 56.Kf3 Rc4 57.Re2 f5 58.exf5+ gxf5 59.Nd3 Ne4 60.Rc2 Kd5 61.
Ne1 Rc8 62.Ng2 Rg8 63.Ne3+ Ke6 64.Rg2 Rxg3+ 65.Rxg3 Nxg3 66.Kxg3 f4+ 67.
Kf3 fxe3 68.Kxe3 a4 69.Ke2 Kd5 70.Ke3 Kc4 0-1

[Event "XIX Festival A"]
[Site "Asti ITA"]
[Date "1998.12.13"]
[Round "9"]
[White "Sulava, Nenad"]
[Black "Arlandi, Ennio"]
[Result "1/2-1/2"]
[WhiteElo "2380"]
[BlackElo "2440"]
[PlyCount "88"]
[EventDate "1998.12.05"]

1.Nf3 Nf6 2.g3 d5 3.Bg2 Bf5 4.O-O h6 5.c4 c6 6.cxd5 cxd5 7.Qb3 Qb6 8.Qxb6 
axb6 9.Nc3 e6 10.d3 Nc6 11.Nb5 Kd7 12.Be3 Bc5 13.d4 Bd6 14.Ne5+ Bxe5 15.
dxe5 Nxe5 16.Bxb6 Nc4 17.Bd4 Ra5 18.a4 Bc2 19.Bxf6 gxf6 20.Nd4 Bg6 21.b4 
Ra7 22.a5 Nd6 23.Nb3 Rha8 24.Rac1 Rb8 25.Nc5+ Ke8 26.Rfd1 b6 27.Nb3 Kd7 
28.Nd4 Raa8 29.Ra1 bxa5 30.bxa5 Ra6 31.Bf1 Nc4 32.e3 Rxa5 33.Rxa5 Nxa5 34.
Ra1 Nc4 35.Ra7+ Kd6 36.Ra6+ Nb6 37.Ra7 Nc8 38.Ra6+ Kc7 39.Nb5+ Kd7 40.Kg2 
Rb6 41.Ra4 Nd6 42.Nxd6 Rxd6 43.Bb5+ Ke7 44.Rh4 h5 1/2-1/2

[Event "XIX Festival A"]
[Site "Asti ITA"]
[Date "1998.12.13"]
[Round "9"]
[White "Trabert, Bettina"]
[Black "Flear, Glenn Curtis"]
[Result "0-1"]
[WhiteElo "2225"]
[BlackElo "2450"]
[PlyCount "82"]
[EventDate "1998.12.05"]

1.e4 e5 2.Nf3 Nc6 3.Nc3 Nf6 4.d4 Bb4 5.d5 Ne7 6.Nxe5 d6 7.Bb5+ Kf8 8.Nf3 
Nxe4 9.Qd4 Bxc3+ 10.bxc3 Nf6 11.Bg5 Nf5 12.Qd3 h6 13.Bd2 a6 14.Ba4 b5 15.
Bb3 Qe8+ 16.Kf1 Ne7 17.c4 bxc4 18.Bxc4 Bb7 19.Rb1 Bxd5 20.Bxd5 Nexd5 21.c4
Nb6 22.Be3 Qc6 23.Nd2 Nbd7 24.f3 Re8 25.Kf2 Ne5 26.Qd4 h5 27.Rhe1 Nfd7 28.
Kg1 f6 29.h3 Kf7 30.Bf2 Nc5 31.Re3 Ne6 32.Qd5 Qxd5 33.cxd5 Nf4 34.Ra3 Nxd5
35.Rxa6 Ra8 36.Rxa8 Rxa8 37.Rb5 Ke6 38.Rb2 Nd3 39.Rc2 N3b4 40.Rc4 Rxa2 41.
Nb3 Nd3 0-1

[Event "XIX Festival A"]
[Site "Asti ITA"]
[Date "1998.12.13"]
[Round "9"]
[White "Venturino, Marco"]
[Black "Borgo, Giulio"]
[Result "0-1"]
[WhiteElo "2146"]
[BlackElo "2445"]
[PlyCount "88"]
[EventDate "1998.12.05"]

1.c4 c5 2.Nf3 Nf6 3.g3 d5 4.cxd5 Nxd5 5.Bg2 Nc6 6.Nc3 g6 7.O-O Nc7 8.d3 
Bg7 9.Be3 b6 10.Qa4 Bd7 11.Qh4 e5 12.Bg5 f6 13.Bh6 O-O 14.Bxg7 Kxg7 15.a3 
Qe7 16.Rab1 a5 17.Rfc1 Rad8 18.Qe4 f5 19.Qe3 Qf6 20.Qd2 Rfe8 21.Ne1 a4 22.
Nxa4 Nd4 23.b3 Nxb3 24.Rxb3 Bxa4 25.Rbb1 Rd6 26.Qc3 Nb5 27.Qb2 Nd4 28.Rc4 
Bc6 29.Bxc6 Rxc6 30.e3 Ne6 31.a4 Nc7 32.Qc3 Nd5 33.Qb2 Nb4 34.Kg2 Rd8 35.
Qc3 Rcd6 36.d4 exd4 37.exd4 Rxd4 38.Rbxb4 cxb4 39.Rc7+ Kh8 40.Qe3 Re4 41.
Qc1 b3 42.Nf3 b2 43.Qc2 Rb4 44.Nd2 Qd4 0-1

[Event "XIX Festival A"]
[Site "Asti ITA"]
[Date "1998.12.13"]
[Round "9"]
[White "Zak, Uriel"]
[Black "Naumkin, Igor"]
[Result "1/2-1/2"]
[WhiteElo "2355"]
[BlackElo "2475"]
[PlyCount "23"]
[EventDate "1998.12.05"]

1.e4 e6 2.d4 d5 3.Nc3 Bb4 4.exd5 exd5 5.Bd3 Nc6 6.Ne2 Nge7 7.O-O Bf5 8.Ng3
Bxd3 9.Qxd3 Qd7 10.Nce2 Bd6 11.Bf4 O-O-O 12.Bxd6 1/2-1/2

[Event "XIX Memorial Edoardo Crespi A"]
[Site "Milano ITA"]
[Date "1998.12.??"]
[Round "1"]
[White "Dalimeg, Alfredo"]
[Black "Cazzaniga, Walter"]
[Result "1/2-1/2"]
[WhiteElo "2068"]
[BlackElo "2165"]
[PlyCount "102"]
[EventDate "1998.12.05"]

1. d4 Nf6 2. c4 g6 3. Nc3 Bg7 4. Nf3 O-O 5. e3 d6 6. Be2 Nc6 7. O-O e5 8. d5
Ne7 9. e4 Ne8 10. b4 a5 11. Qb3 axb4 12. Qxb4 f5 13. Bd2 b6 14. a4 Nf6 15. Bd3
fxe4 16. Nxe4 Nxe4 17. Bxe4 Nf5 18. Bg5 Qe8 19. a5 Rxa5 20. Rxa5 bxa5 21. Qxa5
Qf7 22. Bd2 Nd4 23. Nxd4 exd4 24. Bf3 g5 25. Be4 g4 26. c5 dxc5 27. Qxc5 Ba6
28. d6 Kh8 29. Qxc7 Bxf1 30. Qxf7 Rxf7 31. Kxf1 Be5 32. Bb4 Kg7 33. Bc5 Kf6 34.
Bc6 d3 35. d7 Bc7 36. Bb4 Ke5 37. Bc3+ Kd6 38. Bb5 Bb6 39. Bd4 Ba5 40. Bxd3
Kxd7 41. Be4 Kd6 42. g3 Bd8 43. Kg2 Bg5 44. h3 Bf6 45. Bxf6 gxh3+ 46. Kxh3 Rxf6
47. f4 Kc5 48. Kg4 h6 49. Kh5 Kd4 50. Bg6 Ke3 51. Kxh6 Kf3 1/2-1/2

[Event "XIX Memorial Edoardo Crespi A"]
[Site "Milano ITA"]
[Date "1998.12.??"]
[Round "1"]
[White "Dorighet, Claudio"]
[Black "Nieus, Thierry"]
[Result "1-0"]
[WhiteElo "2085"]
[BlackElo "1881"]
[PlyCount "69"]
[EventDate "1998.12.05"]

1. c4 e6 2. Nc3 d5 3. e3 c5 4. d4 Nc6 5. Nf3 Nf6 6. Bd3 dxc4 7. Bxc4 Be7 8. O-O
O-O 9. a3 b6 10. Qe2 Bb7 11. Rd1 cxd4 12. exd4 Rc8 13. Ba2 Na5 14. Ne5 Nd5 15.
Qd3 Nxc3 16. bxc3 Bf6 17. Bb1 g6 18. Bh6 Qd5 19. f3 Rfd8 20. Ba2 Qd6 21. Bf4
Qe7 22. Ng4 Bg7 23. Be5 Bd5 24. Bxd5 exd5 25. Re1 Qd7 26. Bxg7 Kxg7 27. Qe3 Qd6
28. Qh6+ Kg8 29. Re5 Rc6 30. Rae1 Qf8 31. Qh4 Rcd6 32. Nf6+ Kg7 33. Qxh7+ Kxf6
34. g4 Re6 35. g5+ 1-0

[Event "XIX Memorial Edoardo Crespi A"]
[Site "Milano ITA"]
[Date "1998.12.??"]
[Round "1"]
[White "Giretti Kanev, Jasen"]
[Black "Papale, Carmelo"]
[Result "1-0"]
[WhiteElo "2150"]
[BlackElo "1917"]
[PlyCount "93"]
[EventDate "1998.12.05"]

1. c4 e5 2. b3 Nc6 3. Bb2 g6 4. e3 Bg7 5. Nf3 d6 6. Be2 Nge7 7. O-O O-O 8. d4
e4 9. Nfd2 f5 10. Nc3 Bd7 11. a3 a6 12. b4 Qe8 13. Rc1 Kh8 14. Nb3 Nd8 15. f3
exf3 16. Bxf3 c6 17. Qe2 Nf7 18. g3 Ng5 19. Bg2 Ng8 20. h4 Nf7 21. Na5 Rb8 22.
Rfe1 Nfh6 23. b5 Qd8 24. bxc6 bxc6 25. Bxc6 Qc8 26. Bxd7 Qc7 27. Be6 Rfe8 28.
Bd5 Bxd4 29. Nb5 axb5 30. Bxd4+ Re5 31. Bxe5+ dxe5 32. cxb5 Qd6 33. Bxg8 Kxg8
34. Qc4+ Kh8 35. Qc5 Qf6 36. Red1 Nf7 37. Qc6 Qg7 38. Rd7 Rf8 39. b6 f4 40. b7
fxg3 41. b8=Q Rxb8 42. Qc8+ Qg8 43. Qxg8+ Kxg8 44. Rcc7 Rf8 45. a4 h5 46. Nc6
Kg7 47. Rxf7+ 1-0

[Event "XIX Memorial Edoardo Crespi A"]
[Site "Milano ITA"]
[Date "1998.12.??"]
[Round "1"]
[White "Marcoli, Paolo"]
[Black "Candura, Stefano"]
[Result "1-0"]
[WhiteElo "2130"]
[BlackElo "1900"]
[PlyCount "90"]
[EventDate "1998.12.05"]

1. e4 e6 2. d3 c5 3. f4 Nc6 4. Nf3 g6 5. g3 Bg7 6. Bg2 Nge7 7. O-O O-O 8. c3 d5
9. e5 Qc7 10. d4 c4 11. Na3 a6 12. Nc2 Bd7 13. Qe1 b5 14. g4 a5 15. Qh4 b4 16.
f5 exf5 17. Bh6 f6 18. Bxg7 Kxg7 19. Rae1 fxg4 20. exf6+ Rxf6 21. Ng5 Rxf1+ 22.
Rxf1 h5 23. Rf7+ Kg8 24. Qf2 Bf5 25. Bxd5 Qd6 26. Bxc4 Nd5 27. Rxf5 gxf5 28.
Qxf5 Qe7 29. Bxd5+ Kh8 30. Bxc6 Rg8 31. Qe5+ Qxe5 32. Nf7+ Kh7 33. dxe5 g3 34.
cxb4 axb4 35. Nxb4 gxh2+ 36. Kxh2 Rg4 37. e6 Rxb4 38. e7 Rxb2+ 39. Kh3 Re2 40.
e8=Q Rxe8 41. Bxe8 Kg7 42. Nd6 Kf6 43. Bxh5 Ke5 44. Ne8 Ke6 45. a4 Kd5 1-0

[Event "XIX Memorial Edoardo Crespi A"]
[Site "Milano ITA"]
[Date "1998.12.??"]
[Round "1"]
[White "Quagliarella, Sabino Remo"]
[Black "Facchetti, Gianni"]
[Result "0-1"]
[WhiteElo "1883"]
[BlackElo "2120"]
[PlyCount "144"]
[EventDate "1998.12.05"]

1. d4 Nf6 2. c4 e5 3. dxe5 Ng4 4. Nf3 Bb4+ 5. Nc3 Nc6 6. Bf4 Qe7 7. Qd5 Bxc3+
8. bxc3 f6 9. exf6 Nxf6 10. Qd3 d6 11. e3 O-O 12. Be2 Kh8 13. O-O Ne4 14. Nd4
Nd8 15. Bf3 Nc5 16. Qe2 Nde6 17. Bg3 Ng5 18. Bg4 Nge4 19. Bxc8 Raxc8 20. Qc2
Qf7 21. Nb3 Qxc4 22. Nxc5 Nxc5 23. Rfd1 Qe4 24. Qe2 Rce8 25. Rd4 Qe6 26. Rh4
Rf6 27. Bf4 Qf7 28. Qg4 Qg6 29. Qh3 Qf5 30. g4 Qg6 31. Kh1 Ne4 32. Qg2 c6 33.
c4 Rxf4 34. exf4 Qf6 35. Re1 Ng3+ 36. hxg3 Rxe1+ 37. Kh2 Qd4 38. Qf3 Qxc4 39.
g5 Qf1 40. Qg2 Qxg2+ 41. Kxg2 Kg8 42. f5 d5 43. Kf3 c5 44. Ra4 a6 45. Ra5 Rc1
46. Ke2 Kf7 47. Kd2 Rc4 48. Ra3 Re4 49. f3 Re5 50. g4 Re7 51. Rb3 b5 52. Rb1 d4
53. Rh1 Kg8 54. f6 Rf7 55. Re1 gxf6 56. Re6 fxg5 57. Rxa6 Rxf3 58. Ra5 Rf4 59.
Rxb5 Rxg4 60. Rxc5 Kg7 61. a4 Kf6 62. a5 Rg3 63. a6 Ra3 64. Rc6+ Kf5 65. Rd6 g4
66. Rd7 h6 67. a7 Kf4 68. Ke2 h5 69. Kd2 Kg3 70. Rd5 h4 71. Rxd4 Rxa7 72. Ke3
Re7+ 0-1

[Event "XIX Memorial Edoardo Crespi A"]
[Site "Milano ITA"]
[Date "1998.12.??"]
[Round "1"]
[White "Tramalloni, Luca"]
[Black "Bevilacqua, Maurizio"]
[Result "0-1"]
[WhiteElo "1909"]
[BlackElo "2140"]
[PlyCount "39"]
[EventDate "1998.12.05"]

1. d4 Nf6 2. c4 e6 3. g3 d5 4. Bg2 Be7 5. Nf3 O-O 6. O-O c5 7. cxd5 exd5 8. Nc3
Nc6 9. h3 Re8 10. Be3 cxd4 11. Nxd4 Bd6 12. Qa4 Bxg3 13. Nxc6 bxc6 14. Qxc6 Bd7
15. Qc5 Rc8 16. Qxa7 Bb8 17. Qd4 Rc4 18. Qd3 Qc7 19. f4 Rxe3 20. Qxe3 0-1

[Event "XIX Memorial Edoardo Crespi A"]
[Site "Milano ITA"]
[Date "1998.12.??"]
[Round "2"]
[White "Bevilacqua, Maurizio"]
[Black "Dorighet, Claudio"]
[Result "1/2-1/2"]
[WhiteElo "2140"]
[BlackElo "2085"]
[PlyCount "91"]
[EventDate "1998.12.05"]

1. d4 f5 2. g3 Nf6 3. Bg2 e6 4. c4 d5 5. Nh3 c6 6. cxd5 exd5 7. Nc3 Bd6 8. O-O
O-O 9. Bf4 Ne4 10. Bxd6 Qxd6 11. f3 Nxc3 12. bxc3 Nd7 13. Qd3 Nf6 14. e3 b6 15.
Nf2 a5 16. Rfe1 g6 17. e4 Ba6 18. Qb1 fxe4 19. fxe4 Nxe4 20. Nxe4 dxe4 21. Qxe4
Rac8 22. Qe6+ Qxe6 23. Rxe6 Kg7 24. Bxc6 Rf6 25. Rxf6 Kxf6 26. d5 Bc4 27. a4
Ke5 28. Re1+ Kd6 29. Bb7 Rc7 30. Re6+ Kc5 31. Bc6 Bxd5 32. Bxd5 Kxd5 33. Rxb6
Rxc3 34. Rb5+ Rc5 35. Rb7 h5 36. h4 Kc4 37. Kf2 Rf5+ 38. Ke3 Rc5 39. Kf4 Rf5+
40. Ke4 Rc5 41. Rb8 Kc3 42. Kf3 Rc4 43. Rb5 Rxa4 44. Rg5 Ra1 45. Rxg6 a4 46.
Rg5 1/2-1/2

[Event "XIX Memorial Edoardo Crespi A"]
[Site "Milano ITA"]
[Date "1998.12.??"]
[Round "2"]
[White "Candura, Stefano"]
[Black "Quagliarella, Sabino Remo"]
[Result "1/2-1/2"]
[WhiteElo "1900"]
[BlackElo "1883"]
[PlyCount "106"]
[EventDate "1998.12.05"]

1. d4 d6 2. c4 Nf6 3. Nc3 c6 4. e4 Qc7 5. Nf3 Bg4 6. Be2 Nbd7 7. O-O e5 8. d5
Be7 9. Be3 O-O 10. Ne1 Bxe2 11. Qxe2 Rfd8 12. Rc1 Nf8 13. Nd3 Qd7 14. f3 Ng6
15. Rfd1 Qe8 16. Qf2 a6 17. Ne2 cxd5 18. cxd5 Rdc8 19. Ng3 Rxc1 20. Rxc1 Rc8
21. Qd2 Rxc1+ 22. Qxc1 Qd7 23. Qc4 h5 24. Nf5 Bf8 25. Bb6 Ne8 26. h3 Ne7 27.
Nxe7+ Bxe7 28. b3 g5 29. g4 Kg7 30. Nb2 hxg4 31. hxg4 Bd8 32. Be3 Kg6 33. Nd1
f6 34. Bf2 Nc7 35. Ne3 Ne8 36. Nf5 Ng7 37. Ne3 Bb6 38. Qa4 Qxa4 39. bxa4 Bxe3
40. Bxe3 Kf7 41. Kf2 Ke7 42. Ke2 Kd7 43. Kd3 Ne8 44. Bb6 Nc7 45. Kc4 Na8 46.
Ba5 b6 47. Bd2 Nc7 48. Be3 Na8 49. Kb4 Kc7 50. a5 b5 51. a4 bxa4 52. Kxa4 Kd7
53. Bb6 Nc7 1/2-1/2

[Event "XIX Memorial Edoardo Crespi A"]
[Site "Milano ITA"]
[Date "1998.12.??"]
[Round "2"]
[White "Cazzaniga, Walter"]
[Black "Griffa, Roberto"]
[Result "1-0"]
[WhiteElo "2165"]
[BlackElo "2070"]
[PlyCount "37"]
[EventDate "1998.12.05"]

1. d4 Nc6 2. Nf3 d5 3. c4 Bg4 4. Nc3 e6 5. e3 Nf6 6. Be2 Be7 7. O-O O-O 8. b3
a6 9. h3 Bf5 10. Bb2 Ne4 11. Nxe4 Bxe4 12. Rc1 Rc8 13. Nd2 Bg6 14. a3 Nb8 15.
f4 c6 16. b4 Nd7 17. Qb3 b5 18. cxd5 exd5 19. f5 1-0